000 01703cam a2200421 a 4500
001 8446
003 FISKH
005 20260319163630.0
008 100621s2011 nyua b b 000 1 eng
010 _a 2010023200
020 _a9780399254710
020 _a9780545422574
035 _a16295533
040 _aDLC
_cDLC
_dDLC
_beng
050 _aPZ7.P75186 J
082 _a277
100 1 _aPolacco, Patricia.
245 1 0 _aJust in time, Abraham Lincoln /
_cPatricia Polacco.
250 _aFirst Scholastic printing, January 2012
260 _aNew York :
_bScholastic,
_c2011.
300 _a48 unnumbered pages :
_bcolor illustrations ;
_c28 cm
504 _aIncludes bibliographical references.
505 _aR
520 _aWhen two brothers visit a museum in Harper's Ferry, West Virginia, with their grandmother, they find themselves in a very realistic Civil War setting where they see the Antietam battlefield and meet historical figures from the aftermath of that momentous battle. Includes author's note on the Battle of Antietam.
521 8 _a730
_bLexile
521 8 _aR
_bRaz-Plus
600 1 0 _aLincoln, Abraham,
_d1809-1865
_vJuvenile fiction.
600 1 1 _aLincoln, Abraham,
_d1809-1865
_vFiction.
650 0 _aAntietam, Battle of, Md., 1862
_vJuvenile fiction.
650 1 _aAntietam, Battle of, Md., 1862
_vFiction.
650 1 _aBrothers
_vFiction.
651 0 _aMaryland
_xHistory
_yCivil War, 1861-1865
_vJuvenile fiction.
651 1 _aMaryland
_xHistory
_yCivil War, 1861-1865
_vFiction.
651 1 _aUnited States
_xHistory
_yCivil War, 1861-1865
_vFiction.
906 _a7
_bcbc
_corignew
_d1
_eecip
_f20
_gy-gencatlg
942 _2ddc
_cBK
_n0
999 _c8446
_d8446